00422nam a2200145Ia 4500003000400000005001700004008004100021040001800062041000800080100005000088110001500138245006100153260002000214710004200234OSt20260323111852.0211028s2019 xx 000 0 und d cAIMIT LIBRARY aeng aGomindes, Noah Jones; Lasrado, Suman.g161729 aSrinivas B aRestaurent management application with IoT integration / aMangaluruc2019 aCascades data solutions India Pvt Ltd